1471 1359 1958 1537 1429 1685 1379 1532 1018 1528 1075 1779 1667 1401 1352 1441 1379 1162 1770 1643 1686 1106 1746 1451 1663 1190 1753 1848 1535 1299 1008 1712 1540 1725 1574 1508 1696 1324 1252 1204 1755 1654 1363 1927 1752 1787 1966 1147 1372 1816 1239 1205 1939 1376 1306 1106 1976 1568 1262 1236 1721 1774 1521 1193 1793 1840 1332 1968 1575 1463 1924 1942 1330 1237 1004 1607 1497 1413 1301 1912 1614 1126 1797 1218 1437 1252 1250 1259 1704 1173 1970 1435 1160 1484 1453 1555 1147 1013 1776 BCNSPRNW ULIB Ver.6.0+V

เปลี่ยนเป็นภาษาไทย

Change to English
 แสดงรายละเอียดบรรณานุกรม
  กลับหน้าหลัก

Brief Record : Get Marc (ISO 2709) : E-mail record : QR code < ปิดหน้าต่าง
LEADER : 00000nam 2200000uu 4500
001    13399120541
003     ULIB
008    120924s2550||||th 000 0 tha d
020    ^a9749755553(ล.1)
060  4 ^aWB925^bม246ว ล.1 2550
110 1  ^aมหาวิทยาลัยสุโขทัยธรรมาธิราช^bสาขาวิชาวิทยาศาสตร์สุขภาพ
245 00 ^aเอกสารการสอนชุดวิชา วิทยาศาสตร์ในการแพทย์แผนไทย หน่วยที่ 1-7=^bRelated Sciences in Thai Traditional Medicine/^cสาขาวิชาวิทยาศาสตร์สุขภาพ มหาวิทยาลัยสุโขทัยธรรมาธิราช
246 0  ^aRelated Sciences in Thai Traditional Medicine
250    ^aพิมพ์ครั้งที่ 3
260    ^aนนทบุรี:^bศูนย์หนังสือมหาวิทยาลัยสุโขทัยธรรมาธิราช,^c2550
300    ^a397 หน้า
650  7 ^aการแพทย์แผนไทย
650  7 ^aวิทยาศาสตร์^xการแพทย์
945    ^p0^l0^i14738
995    ^aกัณชพร
999 ^a ใช้งานได้ทุกระบบ
รายการนี้ยังไม่มีแท็ก
คุณยังไม่ได้ล็อกอิน คุณสามารถมีกิจกรรมร่วมกับเว็บไซต์ได้ แต่ต้องล็อกอินก่อน ::
  ล็อกอิน

รายการสื่อสารสนเทศ

ลำดับที่ ประเภท เลขเรียก/บาร์โค้ด สถานที่ สถานะ
1. วิทยาศาสตร์การแพทย์ และสุขภาพ
วิทยาศาสตร์การแพทย์ และสุขภาพ
WB925 ม246ว ล.1 2550  
  Barcode: 14738
ห้องสมุดวิทยาเขตสวรรค์ประชารักษ์
►หนังสือทั่วไป
บนชั้น

รายการใกล้เคียง
    หัวเรื่อง [การแพทย์แผนไทย]

BibComment


ยังไม่เคยถูกคอมเมนท์

คอมเมนท์ทรัพยากรรายการนี้
  คอมเมนท์: เอกสารการสอนชุดว..


 Copyright 2026. Bcnsprnw @Library